A new pronouncing dictionary of the spanish and english languages
Saved in:
| Main Author: | |
|---|---|
| Format: | Book |
| Language: | English Spanish |
| Published: |
Nueva York
Appleton-Century-Crofts
1967
|
| Subjects: | |
| Tags: |
Add Tag
No Tags, Be the first to tag this record!
|
MARC
| LEADER | 00000nam a2200000 a 4500 | ||
|---|---|---|---|
| 001 | UCR6815 | ||
| 003 | CL-VaPUC | ||
| 008 | 980423e19670000US |||||||||||||||||eng|d | ||
| 041 | 0 | 7 | |a eng |2 CL-VaPUC |
| 041 | 0 | 7 | |a spa |2 CL-VaPUC |
| 082 | 0 | 4 | |a 463.21 |b VEL |2 21 |
| 100 | 0 | |a Velázquez de la Cadena, Mariano |e author |9 407963 | |
| 245 | 1 | 2 | |a A new pronouncing dictionary of the spanish and english languages |
| 300 | |a 1454 p | ||
| 942 | |c BK | ||
| 945 | |d 19980423 00:00:00 |a lriquelm | ||
| 260 | |a Nueva York |b Appleton-Century-Crofts |c 1967 | ||
| 650 | 0 | |a Español |9 255372 | |
| 650 | 0 | |a Inglés |9 260023 | |
| 650 | 0 | |a Diccionarios |9 256200 | |
| 583 | |a last modification |c 19980423 00:00:00 |k Rodrigo Vera | ||
| 999 | |c 268721 |d 268719 | ||
| 952 | |0 0 |1 0 |4 0 |6 463_210000000000000_VEL_1967 |7 0 |8 F |9 301988 |a BIBENE |b BIBENE |d 2019-11-20 |i 1982664 |o 463.21 VEL 1967 |p 1982664 |r 2025-01-15 |w 2019-11-20 |y BK_F |k ICO | ||